<?xml version="1.0" encoding="UTF-8"?>
<record
    xmlns:xsi="http://www.w3.org/2001/XMLSchema-instance"
    xsi:schemaLocation="http://www.loc.gov/MARC21/slim http://www.loc.gov/standards/marcxml/schema/MARC21slim.xsd"
    xmlns="http://www.loc.gov/MARC21/slim">

  <leader>00816nam a22002297a 4500</leader>
  <controlfield tag="003">OSt</controlfield>
  <controlfield tag="005">20241203025820.0</controlfield>
  <controlfield tag="008">241203b        |||||||| |||| 00| | eng d</controlfield>
  <datafield tag="020" ind1=" " ind2=" ">
    <subfield code="a">978-971-95775-6-0</subfield>
  </datafield>
  <datafield tag="040" ind1=" " ind2=" ">
    <subfield code="c">JMCFI - Learning Resource Center</subfield>
  </datafield>
  <datafield tag="082" ind1=" " ind2=" ">
    <subfield code="a">Fil./Crim. 614.1 C391 2014</subfield>
  </datafield>
  <datafield tag="100" ind1=" " ind2=" ">
    <subfield code="a">Cejes, Lourdeliza Gural</subfield>
    <subfield code="9">2296</subfield>
  </datafield>
  <datafield tag="245" ind1=" " ind2=" ">
    <subfield code="a">Forensic chemistry and toxicology /</subfield>
    <subfield code="c">Lourdeliza Gural Cejes and Margarita Libres-Etis.</subfield>
  </datafield>
  <datafield tag="260" ind1=" " ind2=" ">
    <subfield code="a">Quezon City :</subfield>
    <subfield code="b">ChapterHouse Publishing Incorporated ,</subfield>
    <subfield code="c">2014.</subfield>
  </datafield>
  <datafield tag="300" ind1=" " ind2=" ">
    <subfield code="a">xiii, 228 pages :</subfield>
    <subfield code="b">black and white, illus. ;</subfield>
    <subfield code="c">22 cm</subfield>
  </datafield>
  <datafield tag="500" ind1=" " ind2=" ">
    <subfield code="a">Includes biographical records.</subfield>
  </datafield>
  <datafield tag="504" ind1=" " ind2=" ">
    <subfield code="a">Includes bibliographical records.</subfield>
  </datafield>
  <datafield tag="650" ind1=" " ind2=" ">
    <subfield code="a">Forensic chemistry.</subfield>
    <subfield code="9">2834</subfield>
  </datafield>
  <datafield tag="650" ind1=" " ind2=" ">
    <subfield code="a">Toxicology.</subfield>
    <subfield code="9">2835</subfield>
  </datafield>
  <datafield tag="700" ind1=" " ind2=" ">
    <subfield code="a">Libres-Etis, Margarita</subfield>
    <subfield code="9">2836</subfield>
  </datafield>
  <datafield tag="942" ind1=" " ind2=" ">
    <subfield code="2">ddc</subfield>
    <subfield code="c">BK</subfield>
    <subfield code="n">0</subfield>
  </datafield>
  <datafield tag="999" ind1=" " ind2=" ">
    <subfield code="c">1643</subfield>
    <subfield code="d">1643</subfield>
  </datafield>
  <datafield tag="952" ind1=" " ind2=" ">
    <subfield code="0">0</subfield>
    <subfield code="1">0</subfield>
    <subfield code="2">ddc</subfield>
    <subfield code="4">0</subfield>
    <subfield code="7">0</subfield>
    <subfield code="a">JMC</subfield>
    <subfield code="b">JMC</subfield>
    <subfield code="c">Fil./Crim.</subfield>
    <subfield code="d">2017-01-09</subfield>
    <subfield code="l">0</subfield>
    <subfield code="o">Fil./Crim. 614.1 C391 2014 c1</subfield>
    <subfield code="p">00001406</subfield>
    <subfield code="r">2024-12-03</subfield>
    <subfield code="t">1</subfield>
    <subfield code="w">2024-12-03</subfield>
    <subfield code="y">BK</subfield>
  </datafield>
  <datafield tag="952" ind1=" " ind2=" ">
    <subfield code="0">0</subfield>
    <subfield code="1">0</subfield>
    <subfield code="2">ddc</subfield>
    <subfield code="4">0</subfield>
    <subfield code="7">0</subfield>
    <subfield code="a">JMC</subfield>
    <subfield code="b">JMC</subfield>
    <subfield code="c">Fil./Crim.</subfield>
    <subfield code="d">2017-01-09</subfield>
    <subfield code="l">0</subfield>
    <subfield code="o">Fil./Crim. 614.1 C391 2014 c2</subfield>
    <subfield code="p">00001407</subfield>
    <subfield code="r">2024-12-03</subfield>
    <subfield code="t">2</subfield>
    <subfield code="w">2024-12-03</subfield>
    <subfield code="y">BK</subfield>
  </datafield>
  <datafield tag="952" ind1=" " ind2=" ">
    <subfield code="0">0</subfield>
    <subfield code="1">0</subfield>
    <subfield code="2">ddc</subfield>
    <subfield code="4">0</subfield>
    <subfield code="7">0</subfield>
    <subfield code="a">JMC</subfield>
    <subfield code="b">JMC</subfield>
    <subfield code="c">Fil./Crim.</subfield>
    <subfield code="d">2017-01-09</subfield>
    <subfield code="l">0</subfield>
    <subfield code="o">Fil./Crim. 614.1 C391 2014 c3</subfield>
    <subfield code="p">00001408</subfield>
    <subfield code="r">2024-12-03</subfield>
    <subfield code="t">3</subfield>
    <subfield code="w">2024-12-03</subfield>
    <subfield code="y">BK</subfield>
  </datafield>
  <datafield tag="952" ind1=" " ind2=" ">
    <subfield code="0">0</subfield>
    <subfield code="1">0</subfield>
    <subfield code="2">ddc</subfield>
    <subfield code="4">0</subfield>
    <subfield code="7">0</subfield>
    <subfield code="a">JMC</subfield>
    <subfield code="b">JMC</subfield>
    <subfield code="c">Fil./Crim.</subfield>
    <subfield code="d">2017-01-09</subfield>
    <subfield code="l">0</subfield>
    <subfield code="o">Fil./Crim. 614.1 C391 2014 c4</subfield>
    <subfield code="p">00001409</subfield>
    <subfield code="r">2024-12-03</subfield>
    <subfield code="t">4</subfield>
    <subfield code="w">2024-12-03</subfield>
    <subfield code="y">BK</subfield>
  </datafield>
</record>
